[Event "Irena Warakomska Memorial A"]
[Site "Suwalki"]
[Date "2018.08.03"]
[Round "4"]
[White "Stupak, Kirill"]
[Black "Grib, Roman"]
[Result "1-0"]
[Board "7"]
[WhiteElo "2575"]
[WhiteTitle "GM"]
[WhiteCountry "BLR"]
[WhiteFideId "13503758"]
[WhiteEloChange "3"]
[BlackElo "2445"]
[BlackTitle "IM"]
[BlackCountry "BLR"]
[BlackFideId "13506706"]
[BlackEloChange "-3"]

1. d4 {[%clk 1:27:58]} Nf6 {[%clk 1:30:45]} 2. c4 {[%clk 1:28:24]} e6 {[%clk
1:30:28]} 3. Nc3 {[%clk 1:28:15]} Bb4 {[%clk 1:30:47]} 4. g3 {[%clk 1:28:40]} O-O
{[%clk 1:28:45]} 5. Bg2 {[%clk 1:29:03]} d5 {[%clk 1:29:07]} 6. cxd5 {[%clk
1:29:28]} exd5 {[%clk 1:29:22]} 7. e3 {[%clk 1:29:53]} c6 {[%clk 1:27:39]} 8. Ne2
{[%clk 1:30:18]} Re8 {[%clk 1:28:04]} 9. O-O {[%clk 1:30:44]} Nbd7 {[%clk
1:27:29]} 10. f3 {[%clk 1:27:30]} c5 {[%clk 1:24:42]} 11. a3 {[%clk 1:26:54]} Ba5
{[%clk 1:24:30]} 12. b4 {[%clk 1:17:24]} cxd4 {[%clk 1:22:51]} 13. Nxd4 {[%clk
1:17:12]} Bb6 {[%clk 1:21:04]} 14. f4 {[%clk 1:16:52]} Nb8 {[%clk 1:11:08]} 15.
Nb3 {[%clk 1:07:10]} Bxe3+ {[%clk 1:06:34]} 16. Bxe3 {[%clk 1:06:38]} Rxe3 {[%clk
1:06:59]} 17. Nxd5 {[%clk 1:05:43]} Nxd5 {[%clk 1:06:36]} 18. Qxd5 {[%clk
1:04:48]} Nc6 {[%clk 1:01:17]} 19. Nc5 {[%clk 0:56:32]} Rb8 {[%clk 0:44:42]} 20.
Qxd8+ {[%clk 0:46:00]} Nxd8 {[%clk 0:45:08]} 21. f5 {[%clk 0:46:26]} g6 {[%clk
0:43:50]} 22. f6 {[%clk 0:43:30]} b6 {[%clk 0:42:34]} 23. Rfe1 {[%clk 0:36:03]}
Rxe1+ {[%clk 0:42:47]} 24. Rxe1 {[%clk 0:36:32]} Ne6 {[%clk 0:34:08]} 25. Nd3
{[%clk 0:36:30]} Ba6 {[%clk 0:29:40]} 26. Ne5 {[%clk 0:36:46]} Rd8 {[%clk
0:27:09]} 27. Nc6 {[%clk 0:32:01]} Rd3 {[%clk 0:20:08]} 28. a4 {[%clk 0:32:19]}
Kf8 {[%clk 0:19:48]} 29. Nxa7 {[%clk 0:30:38]} Rd7 {[%clk 0:19:56]} 30. Nc6
{[%clk 0:30:50]} Rd6 {[%clk 0:20:07]} 31. Rc1 {[%clk 0:26:13]} Ke8 {[%clk
0:18:25]} 32. h4 {[%clk 0:17:28]} Bb7 {[%clk 0:15:51]} 33. Ne5 {[%clk 0:08:36]}
Bxg2 {[%clk 0:16:02]} 34. Kxg2 {[%clk 0:09:05]} Nd8 {[%clk 0:15:02]} 35. Rc8
{[%clk 0:07:33]} Re6 {[%clk 0:10:15]} 36. Nxf7 {[%clk 0:06:21]} Kxf7 {[%clk
0:10:34]} 37. Rxd8 {[%clk 0:06:50]} Re2+ {[%clk 0:09:21]} 38. Kf3 {[%clk
0:06:21]} Ra2 {[%clk 0:09:47]} 39. Rd6 {[%clk 0:06:04]} Rxa4 {[%clk 0:10:10]} 40.
Rxb6 {[%clk 0:36:33]} Ra3+ {[%clk 0:39:41]} 41. Kf4 {[%clk 0:36:31]} h5 {[%clk
0:40:09]} 42. b5 {[%clk 0:24:10]} Rb3 {[%clk 0:39:59]} 43. Ke5 {[%clk 0:24:23]}
Re3+ {[%clk 0:40:24]} 44. Kd6 {[%clk 0:24:43]} Rxg3 {[%clk 0:40:29]} 45. Rc6
{[%clk 0:23:50]} g5 {[%clk 0:34:36]} 46. hxg5 {[%clk 0:19:17]} Rxg5 {[%clk
0:35:01]} 47. b6 {[%clk 0:19:36]} 1-0

[Event "Irena Warakomska Memorial A"]
[Site "Suwalki"]
[Date "2018.08.03"]
[Round "4"]
[White "Omelja, Artem"]
[Black "Markowski, Tomasz"]
[Result "0-1"]
[Board "8"]
[WhiteElo "2445"]
[WhiteCountry "UKR"]
[WhiteFideId "14119846"]
[WhiteEloChange "-3"]
[BlackElo "2561"]
[BlackTitle "GM"]
[BlackCountry "POL"]
[BlackFideId "1105680"]
[BlackEloChange "3"]

1. d4 {[%clk 1:28:43]} c5 {[%clk 1:30:42]} 2. d5 {[%clk 1:28:55]} d6 {[%clk
1:31:09]} 3. e4 {[%clk 1:28:58]} g6 {[%clk 1:31:36]} 4. Nf3 {[%clk 1:28:08]} Bg7
{[%clk 1:32:01]} 5. Be2 {[%clk 1:25:10]} Nf6 {[%clk 1:32:27]} 6. Nc3 {[%clk
1:25:23]} O-O {[%clk 1:32:52]} 7. O-O {[%clk 1:25:36]} Bg4 {[%clk 1:33:07]} 8.
Re1 {[%clk 1:22:56]} Nbd7 {[%clk 1:32:30]} 9. h3 {[%clk 1:22:15]} Bxf3 {[%clk
1:32:56]} 10. Bxf3 {[%clk 1:22:37]} a6 {[%clk 1:32:31]} 11. a4 {[%clk 1:22:41]}
b6 {[%clk 1:32:50]} 12. Be2 {[%clk 1:19:00]} Ne8 {[%clk 1:33:10]} 13. Nb1 {[%clk
1:09:08]} Nc7 {[%clk 1:29:25]} 14. c3 {[%clk 1:08:44]} b5 {[%clk 1:29:02]} 15. a5
{[%clk 1:09:00]} f5 {[%clk 1:23:37]} 16. exf5 {[%clk 1:08:02]} Rxf5 {[%clk
1:22:45]} 17. Bg4 {[%clk 1:08:16]} Re5 {[%clk 1:21:51]} 18. Rxe5 {[%clk 1:07:27]}
Nxe5 {[%clk 1:22:00]} 19. Be2 {[%clk 1:07:35]} Qf8 {[%clk 1:21:12]} 20. f4 {[%clk
1:03:56]} Nd7 {[%clk 1:21:13]} 21. Na3 {[%clk 1:01:41]} Qf7 {[%clk 1:17:26]} 22.
Bf3 {[%clk 1:01:06]} Nf6 {[%clk 1:09:03]} 23. c4 {[%clk 1:01:22]} bxc4 {[%clk
1:09:20]} 24. Nxc4 {[%clk 1:01:41]} Nfxd5 {[%clk 1:08:46]} 25. Qa4 {[%clk
0:54:04]} Rf8 {[%clk 1:07:23]} 26. Qc6 {[%clk 0:50:53]} Nxf4 {[%clk 1:03:04]} 27.
Bxf4 {[%clk 0:48:59]} Qxf4 {[%clk 0:57:22]} 28. Qxc7 {[%clk 0:40:20]} Qxc4 {[%clk
0:57:24]} 29. Qxe7 {[%clk 0:38:56]} Bd4+ {[%clk 0:48:50]} 30. Kh1 {[%clk
0:38:46]} Be5 {[%clk 0:49:01]} 31. Qg5 {[%clk 0:36:15]} Kg7 {[%clk 0:41:44]} 32.
Qd2 {[%clk 0:27:13]} Rb8 {[%clk 0:37:28]} 33. Rb1 {[%clk 0:24:39]} Rxb2 {[%clk
0:36:05]} 0-1

[Event "Irena Warakomska Memorial A"]
[Site "Suwalki"]
[Date "2018.08.03"]
[Round "4"]
[White "Lewtak, Damian"]
[Black "Czarnota, Pawel"]
[Result "1/2-1/2"]
[Board "9"]
[WhiteElo "2358"]
[WhiteCountry "POL"]
[WhiteFideId "1141724"]
[WhiteEloChange "5"]
[BlackElo "2549"]
[BlackTitle "GM"]
[BlackCountry "POL"]
[BlackFideId "1121219"]
[BlackEloChange "-3"]

1. e4 {[%clk 1:30:57]} c5 {[%clk 1:30:03]} 2. Nf3 {[%clk 1:31:20]} d6 {[%clk
1:30:01]} 3. Bb5+ {[%clk 1:31:44]} Nd7 {[%clk 1:30:06]} 4. O-O {[%clk 1:31:30]}
a6 {[%clk 1:30:19]} 5. Bxd7+ {[%clk 1:31:38]} Bxd7 {[%clk 1:30:42]} 6. c3 {[%clk
1:29:36]} Nf6 {[%clk 1:29:42]} 7. Re1 {[%clk 1:29:53]} e6 {[%clk 1:28:45]} 8. d4
{[%clk 1:29:11]} cxd4 {[%clk 1:28:31]} 9. cxd4 {[%clk 1:29:30]} d5 {[%clk
1:26:03]} 10. e5 {[%clk 1:29:51]} Ne4 {[%clk 1:25:54]} 11. Nbd2 {[%clk 1:29:49]}
Nxd2 {[%clk 1:25:52]} 12. Bxd2 {[%clk 1:29:56]} Be7 {[%clk 1:26:06]} 13. Qb3
{[%clk 1:29:31]} Bc6 {[%clk 1:25:40]} 14. Bb4 {[%clk 1:26:27]} Qb6 {[%clk
1:23:26]} 15. Bxe7 {[%clk 1:26:48]} Qxb3 {[%clk 1:23:51]} 16. axb3 {[%clk
1:27:14]} Kxe7 {[%clk 1:24:15]} 17. Rec1 {[%clk 1:27:26]} Rhc8 {[%clk 1:23:30]}
18. Kf1 {[%clk 1:25:34]} h6 {[%clk 1:21:44]} 19. Ke1 {[%clk 1:23:57]} Bb5 {[%clk
1:20:14]} 20. Kd2 {[%clk 1:19:41]} Kd7 {[%clk 1:18:14]} 21. Rxc8 {[%clk 1:18:08]}
Rxc8 {[%clk 1:18:35]} 22. Rc1 {[%clk 1:18:28]} Rxc1 {[%clk 1:15:33]} 23. Kxc1
{[%clk 1:18:14]} Bf1 {[%clk 1:15:54]} 24. Ne1 {[%clk 1:18:02]} f5 {[%clk
1:04:22]} 25. exf6 {[%clk 1:13:16]} gxf6 {[%clk 1:04:46]} 26. f4 {[%clk 1:13:18]}
e5 {[%clk 1:03:45]} 27. fxe5 {[%clk 0:09:19]} fxe5 {[%clk 1:00:18]} 28. Kd2
{[%clk 0:06:10]} exd4 {[%clk 0:59:58]} 29. g4 {[%clk 0:05:15]} Kd6 {[%clk
0:57:53]} 30. h4 {[%clk 0:03:43]} Bh3 {[%clk 0:55:44]} 31. g5 {[%clk 0:03:55]}
hxg5 {[%clk 0:56:08]} 32. hxg5 {[%clk 0:04:11]} Bf5 {[%clk 0:56:22]} 33. b4
{[%clk 0:01:10]} Be4 {[%clk 0:54:58]} 34. Nd3 {[%clk 0:00:42]} b6 {[%clk
0:55:22]} 35. Ne1 {[%clk 0:00:32]} Ke5 {[%clk 0:46:51]} 36. Nc2 {[%clk 0:00:53]}
Bg6 {[%clk 0:47:06]} 37. Na1 {[%clk 0:01:01]} Ke4 {[%clk 0:38:17]} 38. Nb3 {[%clk
0:01:04]} d3 {[%clk 0:38:04]} 39. Nc1 {[%clk 0:01:15]} Kd4 {[%clk 0:38:26]} 40.
b3 {[%clk 0:30:57]} Be4 {[%clk 1:01:04]} 41. Na2 {[%clk 0:30:39]} Ke5 {[%clk
1:01:01]} 42. Nc1 {[%clk 0:21:32]} Kd4 {[%clk 0:59:16]} 43. Na2 {[%clk 0:21:56]}
Bf5 {[%clk 0:59:37]} 44. Nc1 {[%clk 0:21:16]} a5 {[%clk 0:59:17]} 45. Na2 {[%clk
0:19:38]} Bg6 {[%clk 0:55:13]} 46. bxa5 {[%clk 0:16:45]} bxa5 {[%clk 0:55:07]}
47. b4 {[%clk 0:17:10]} a4 {[%clk 0:53:43]} 48. Nc3 {[%clk 0:17:34]} a3 {[%clk
0:52:34]} 49. Nb5+ {[%clk 0:17:57]} 1/2-1/2

[Event "Irena Warakomska Memorial A"]
[Site "Suwalki"]
[Date "2018.08.03"]
[Round "4"]
[White "Teclaf, Pawel"]
[Black "Kanarek, Marcel"]
[Result "1/2-1/2"]
[Board "12"]
[WhiteElo "2399"]
[WhiteTitle "CM"]
[WhiteCountry "POL"]
[WhiteFideId "1185934"]
[WhiteEloChange "3"]
[BlackElo "2508"]
[BlackTitle "GM"]
[BlackCountry "POL"]
[BlackFideId "1126822"]
[BlackEloChange "-2"]

1. e4 {[%clk 1:30:58]} e5 {[%clk 1:30:52]} 2. Nf3 {[%clk 1:31:17]} Nc6 {[%clk
1:31:20]} 3. Bb5 {[%clk 1:31:42]} g6 {[%clk 1:31:43]} 4. c3 {[%clk 1:28:54]} a6
{[%clk 1:31:03]} 5. Ba4 {[%clk 1:27:56]} d6 {[%clk 1:30:35]} 6. d4 {[%clk
1:25:45]} Bd7 {[%clk 1:30:39]} 7. Bg5 {[%clk 1:14:23]} f6 {[%clk 1:30:10]} 8. Be3
{[%clk 1:14:46]} Nh6 {[%clk 1:25:39]} 9. h3 {[%clk 1:06:43]} Nf7 {[%clk 1:24:43]}
10. c4 {[%clk 1:03:26]} Bg7 {[%clk 1:18:21]} 11. Nc3 {[%clk 0:59:15]} O-O {[%clk
1:18:17]} 12. O-O {[%clk 0:53:31]} f5 {[%clk 1:06:38]} 13. dxe5 {[%clk 0:50:34]}
dxe5 {[%clk 1:05:13]} 14. Qd5 {[%clk 0:44:40]} f4 {[%clk 0:32:11]} 15. Bc5 {[%clk
0:43:06]} Re8 {[%clk 0:32:29]} 16. Rad1 {[%clk 0:41:16]} Be6 {[%clk 0:31:21]} 17.
Qxd8 {[%clk 0:41:26]} Rexd8 {[%clk 0:30:31]} 18. Nd5 {[%clk 0:40:38]} Bxd5 {[%clk
0:29:03]} 19. cxd5 {[%clk 0:39:31]} b5 {[%clk 0:06:59]} 20. Bc2 {[%clk 0:22:07]}
Nd4 {[%clk 0:07:17]} 21. Bxd4 {[%clk 0:22:10]} exd4 {[%clk 0:07:42]} 22. Bb3
{[%clk 0:22:04]} Kf8 {[%clk 0:06:59]} 23. e5 {[%clk 0:17:14]} 1/2-1/2

[Event "Irena Warakomska Memorial A"]
[Site "Suwalki"]
[Date "2018.08.03"]
[Round "4"]
[White "Warakomski, Tomasz"]
[Black "Roy, Prantik"]
[Result "1-0"]
[Board "13"]
[WhiteElo "2505"]
[WhiteTitle "GM"]
[WhiteCountry "POL"]
[WhiteFideId "1124552"]
[WhiteEloChange "3"]
[BlackElo "2347"]
[BlackTitle "IM"]
[BlackCountry "IND"]
[BlackFideId "5035120"]
[BlackEloChange "-6"]

1. e4 {[%clk 1:30:58]} e5 {[%clk 1:30:43]} 2. Nc3 {[%clk 1:28:55]} Nf6 {[%clk
1:29:04]} 3. g3 {[%clk 1:29:20]} Bb4 {[%clk 1:28:01]} 4. Bg2 {[%clk 1:29:45]} d6
{[%clk 1:28:15]} 5. Nge2 {[%clk 1:28:28]} Nc6 {[%clk 1:28:13]} 6. a3 {[%clk
1:25:06]} Ba5 {[%clk 1:28:10]} 7. b4 {[%clk 1:21:36]} Bb6 {[%clk 1:28:35]} 8. Na4
{[%clk 1:21:57]} Be6 {[%clk 1:25:51]} 9. Bb2 {[%clk 1:02:25]} Qd7 {[%clk
1:24:37]} 10. h3 {[%clk 0:57:14]} Ne7 {[%clk 1:13:12]} 11. Nxb6 {[%clk 0:56:45]}
axb6 {[%clk 1:13:36]} 12. f4 {[%clk 0:56:38]} exf4 {[%clk 1:07:22]} 13. gxf4
{[%clk 0:53:55]} Qc8 {[%clk 1:07:27]} 14. d3 {[%clk 0:51:20]} d5 {[%clk 1:06:40]}
15. f5 {[%clk 0:45:03]} Bd7 {[%clk 1:07:03]} 16. e5 {[%clk 0:38:25]} Nxf5 {[%clk
1:04:29]} 17. exf6 {[%clk 0:38:52]} Ne3 {[%clk 1:04:53]} 18. Qd2 {[%clk 0:39:20]}
Nxg2+ {[%clk 1:05:17]} 19. Kf2 {[%clk 0:39:48]} Bxh3 {[%clk 1:04:28]} 20. fxg7
{[%clk 0:32:33]} Qf5+ {[%clk 1:00:25]} 21. Kg1 {[%clk 0:32:58]} Rg8 {[%clk
0:57:42]} 22. Ng3 {[%clk 0:32:15]} Qe6 {[%clk 0:51:36]} 23. Rxh3 {[%clk 0:24:40]}
Qxh3 {[%clk 0:51:55]} 24. Qxg2 {[%clk 0:25:07]} Qe6 {[%clk 0:51:27]} 25. Kf2
{[%clk 0:20:45]} O-O-O {[%clk 0:50:47]} 26. Re1 {[%clk 0:21:12]} Qg6 {[%clk
0:44:49]} 27. Qh3+ {[%clk 0:21:02]} Kb8 {[%clk 0:44:05]} 28. Nf5 {[%clk 0:21:21]}
Rge8 {[%clk 0:30:44]} 29. Ne7 {[%clk 0:17:45]} Qg5 {[%clk 0:29:48]} 30. Qg3
{[%clk 0:17:33]} 1-0

[Event "Irena Warakomska Memorial A"]
[Site "Suwalki"]
[Date "2018.08.03"]
[Round "4"]
[White "Ulybin, Mikhail"]
[Black "Goluch, Piotr"]
[Result "1-0"]
[Board "14"]
[WhiteElo "2512"]
[WhiteTitle "GM"]
[WhiteCountry "RUS"]
[WhiteFideId "4101405"]
[WhiteEloChange "3"]
[BlackElo "2332"]
[BlackTitle "FM"]
[BlackCountry "POL"]
[BlackFideId "1137840"]
[BlackEloChange "-5"]

1. d4 {[%clk 1:26:25]} Nf6 {[%clk 1:30:32]} 2. c4 {[%clk 1:25:17]} g6 {[%clk
1:30:55]} 3. Nc3 {[%clk 1:24:20]} Bg7 {[%clk 1:31:20]} 4. e4 {[%clk 1:23:50]} d6
{[%clk 1:31:45]} 5. Nf3 {[%clk 1:22:44]} O-O {[%clk 1:31:56]} 6. Be2 {[%clk
1:21:53]} e5 {[%clk 1:32:12]} 7. O-O {[%clk 1:19:00]} exd4 {[%clk 1:32:32]} 8.
Nxd4 {[%clk 1:18:48]} Re8 {[%clk 1:32:56]} 9. f3 {[%clk 1:16:35]} Nc6 {[%clk
1:33:21]} 10. Nc2 {[%clk 1:09:27]} Nh5 {[%clk 1:32:11]} 11. Nd5 {[%clk 1:06:53]}
h6 {[%clk 1:21:29]} 12. Be3 {[%clk 0:49:02]} Ne7 {[%clk 1:02:42]} 13. Qd2 {[%clk
0:42:26]} Kh7 {[%clk 1:02:04]} 14. g4 {[%clk 0:19:05]} Nxd5 {[%clk 1:02:22]} 15.
cxd5 {[%clk 0:18:58]} Nf6 {[%clk 1:02:47]} 16. Rac1 {[%clk 0:14:17]} Qe7 {[%clk
0:40:49]} 17. Bf4 {[%clk 0:02:35]} Bd7 {[%clk 0:35:31]} 18. Ne3 {[%clk 0:01:17]}
Qd8 {[%clk 0:29:36]} 19. Bd3 {[%clk 0:00:56]} c6 {[%clk 0:23:21]} 20. Nc4 {[%clk
0:00:44]} cxd5 {[%clk 0:23:47]} 21. Nxd6 {[%clk 0:00:53]} dxe4 {[%clk 0:24:12]}
22. Nxe8 {[%clk 0:00:41]} Qxe8 {[%clk 0:24:36]} 23. Rfe1 {[%clk 0:00:44]} Bc6
{[%clk 0:25:01]} 24. Bxe4 {[%clk 0:00:38]} Nxe4 {[%clk 0:25:27]} 25. fxe4 {[%clk
0:00:41]} Qe6 {[%clk 0:25:42]} 26. h3 {[%clk 0:00:49]} Qxa2 {[%clk 0:26:08]} 27.
e5 {[%clk 0:00:39]} Qb3 {[%clk 0:24:20]} 28. Re3 {[%clk 0:00:36]} Qb6 {[%clk
0:24:46]} 29. Rd1 {[%clk 0:00:35]} Bf3 {[%clk 0:19:34]} 30. Rf1 {[%clk 0:00:46]}
Rd8 {[%clk 0:19:54]} 31. Qf2 {[%clk 0:00:37]} Bd1 {[%clk 0:17:24]} 32. e6 {[%clk
0:00:40]} fxe6 {[%clk 0:17:34]} 33. Be5 {[%clk 0:00:43]} Rf8 {[%clk 0:16:47]} 34.
Qg3 {[%clk 0:00:39]} Rxf1+ {[%clk 0:13:53]} 35. Kxf1 {[%clk 0:01:04]} Qa6+ {[%clk
0:12:16]} 36. Ke1 {[%clk 0:01:00]} Ba4 {[%clk 0:10:53]} 37. Bxg7 {[%clk 0:00:54]}
Kxg7 {[%clk 0:11:21]} 38. Qc7+ {[%clk 0:00:52]} Kg8 {[%clk 0:11:15]} 39. Qd8+
{[%clk 0:00:57]} Kg7 {[%clk 0:11:36]} 40. Rf3 {[%clk 0:01:00]} 1-0

[Event "Irena Warakomska Memorial A"]
[Site "Suwalki"]
[Date "2018.08.03"]
[Round "4"]
[White "Paszewski, Mateusz"]
[Black "Yevseev, Denis"]
[Result "1/2-1/2"]
[Board "18"]
[WhiteElo "2293"]
[WhiteTitle "FM"]
[WhiteCountry "POL"]
[WhiteFideId "1141058"]
[WhiteEloChange "6"]
[BlackElo "2513"]
[BlackTitle "GM"]
[BlackCountry "RUS"]
[BlackFideId "4126378"]
[BlackEloChange "-3"]

1. e4 {[%clk 1:30:50]} c6 {[%clk 1:30:34]} 2. d4 {[%clk 1:31:17]} d5 {[%clk
1:30:56]} 3. exd5 {[%clk 1:31:45]} cxd5 {[%clk 1:31:18]} 4. Bd3 {[%clk 1:32:13]}
Nc6 {[%clk 1:31:26]} 5. c3 {[%clk 1:32:38]} Qc7 {[%clk 1:31:47]} 6. Ne2 {[%clk
1:32:50]} Bg4 {[%clk 1:31:54]} 7. O-O {[%clk 1:33:14]} e6 {[%clk 1:32:17]} 8. Qe1
{[%clk 1:33:23]} Bxe2 {[%clk 1:32:29]} 9. Qxe2 {[%clk 1:32:43]} Bd6 {[%clk
1:32:51]} 10. g3 {[%clk 1:26:30]} h5 {[%clk 1:32:51]} 11. Nd2 {[%clk 1:26:30]} h4
{[%clk 1:25:35]} 12. Nf3 {[%clk 1:25:40]} hxg3 {[%clk 1:25:03]} 13. hxg3 {[%clk
1:23:17]} O-O-O {[%clk 1:12:07]} 14. Kg2 {[%clk 1:19:08]} Nge7 {[%clk 1:04:39]}
15. Bg5 {[%clk 1:15:31]} Kb8 {[%clk 1:02:46]} 16. Bxe7 {[%clk 1:03:33]} Qxe7
{[%clk 1:00:20]} 17. Rh1 {[%clk 1:02:03]} 1/2-1/2

[Event "Irena Warakomska Memorial A"]
[Site "Suwalki"]
[Date "2018.08.03"]
[Round "4"]
[White "Dzhuguryan, Tygran"]
[Black "Schippers, Maurice"]
[Result "1-0"]
[Board "25"]
[WhiteElo "2178"]
[WhiteCountry "POL"]
[WhiteFideId "21872988"]
[WhiteEloChange "13"]
[BlackElo "2303"]
[BlackCountry "NED"]
[BlackFideId "1004735"]
[BlackEloChange "-13"]

1. d4 {[%clk 1:30:30]} Nf6 {[%clk 1:30:30]} 2. c4 {[%clk 1:30:30]} c5 {[%clk
1:30:30]} 3. d5 {[%clk 1:30:30]} b5 {[%clk 1:30:30]} 4. cxb5 {[%clk 1:30:30]} a6
{[%clk 1:30:30]} 5. bxa6 {[%clk 1:30:30]} g6 {[%clk 1:30:30]} 6. Nc3 {[%clk
1:30:30]} Bxa6 {[%clk 1:30:30]} 7. e4 {[%clk 1:30:30]} Bxf1 {[%clk 1:30:30]} 8.
Kxf1 {[%clk 1:30:30]} d6 {[%clk 1:30:30]} 9. Nf3 {[%clk 1:30:30]} Bg7 {[%clk
1:30:30]} 10. g3 {[%clk 1:30:30]} O-O {[%clk 1:30:30]} 11. Kg2 {[%clk 1:30:30]}
Nbd7 {[%clk 1:30:30]} 12. a4 {[%clk 1:30:30]} Qb6 {[%clk 1:30:30]} 13. Qc2 {[%clk
1:30:30]} Rfb8 {[%clk 1:30:30]} 14. Nb5 {[%clk 1:30:30]} Ne8 {[%clk 1:30:30]} 15.
Bg5 {[%clk 1:30:30]} Qd8 {[%clk 1:30:30]} 16. Rab1 {[%clk 1:30:30]} h6 {[%clk
1:30:30]} 17. Be3 {[%clk 1:30:30]} Nb6 {[%clk 1:30:30]} 18. b3 {[%clk 1:30:30]}
Nc7 {[%clk 1:30:30]} 19. Nxc7 {[%clk 1:30:30]} Qxc7 {[%clk 1:30:30]} 20. Bd4
{[%clk 1:30:30]} Qb7 {[%clk 1:30:30]} 21. Bxg7 {[%clk 1:30:30]} Kxg7 {[%clk
1:30:30]} 22. b4 {[%clk 1:30:30]} Qc8 {[%clk 1:29:28]} 23. a5 {[%clk 1:29:57]}
Nd7 {[%clk 1:28:51]} 24. b5 {[%clk 1:30:22]} Nf6 {[%clk 1:24:56]} 25. a6 {[%clk
1:26:51]} e6 {[%clk 1:23:57]} 26. dxe6 {[%clk 1:26:13]} Qxe6 {[%clk 1:24:11]} 27.
Rhe1 {[%clk 1:26:22]} Nd7 {[%clk 1:20:04]} 28. Re3 {[%clk 1:11:39]} Kg8 {[%clk
1:20:07]} 29. Ra3 {[%clk 1:11:16]} Nb6 {[%clk 1:14:41]} 30. Nd2 {[%clk 1:11:15]}
Re8 {[%clk 1:13:42]} 31. Kg1 {[%clk 1:05:56]} d5 {[%clk 1:06:20]} 32. exd5 {[%clk
1:05:59]} Qxd5 {[%clk 1:06:19]} 33. Rd3 {[%clk 0:49:42]} Qh5 {[%clk 1:01:07]} 34.
Qd1 {[%clk 0:49:41]} Qg5 {[%clk 0:56:16]} 35. h4 {[%clk 0:49:18]} Qf6 {[%clk
0:51:45]} 36. Qf3 {[%clk 0:49:01]} Qe6 {[%clk 0:51:49]} 37. Re3 {[%clk 0:39:19]}
Qa2 {[%clk 0:49:38]} 38. Rbe1 {[%clk 0:39:39]} Rxe3 {[%clk 0:40:59]} 39. Qxe3
{[%clk 0:39:39]} Qa5 {[%clk 0:40:35]} 40. Rb1 {[%clk 0:28:01]} c4 {[%clk
0:35:04]} 41. Ne4 {[%clk 0:26:54]} Kh7 {[%clk 0:15:57]} 42. Qd4 {[%clk 0:25:29]}
h5 {[%clk 0:14:15]} 43. Qc3 {[%clk 0:07:44]} Qa2 {[%clk 0:08:06]} 44. Ra1 {[%clk
0:07:00]} Qe2 {[%clk 0:06:44]} 45. Re1 {[%clk 0:07:09]} Qd3 {[%clk 0:06:16]} 46.
Ng5+ {[%clk 0:07:23]} Kg8 {[%clk 0:04:08]} 47. Qf6 {[%clk 0:07:37]} Qf5 {[%clk
0:02:51]} 48. Qxb6 {[%clk 0:07:56]} c3 {[%clk 0:03:15]} 49. Qc6 {[%clk 0:03:51]}
Rc8 {[%clk 0:03:35]} 50. Re8+ {[%clk 0:04:16]} Rxe8 {[%clk 0:03:49]} 51. Qxe8+
{[%clk 0:04:16]} Kg7 {[%clk 0:04:14]} 52. Qc6 {[%clk 0:03:59]} Qb1+ {[%clk
0:03:51]} 53. Kg2 {[%clk 0:04:18]} c2 {[%clk 0:03:54]} 54. a7 {[%clk 0:02:57]}
c1Q {[%clk 0:03:21]} 55. Qxc1 {[%clk 0:03:22]} Qxc1 {[%clk 0:03:08]} 56. a8Q
{[%clk 0:03:47]} Qc4 {[%clk 0:03:12]} 57. Qb7 {[%clk 0:04:06]} Kh6 {[%clk
0:03:16]} 58. Nxf7+ {[%clk 0:04:26]} 1-0

[Event "Irena Warakomska Memorial A"]
[Site "Suwalki"]
[Date "2018.08.03"]
[Round "4"]
[White "Budrewicz, Krzysztof"]
[Black "Szustakowski, Antoni"]
[Result "1/2-1/2"]
[Board "26"]
[WhiteElo "2203"]
[WhiteCountry "POL"]
[WhiteFideId "1127950"]
[WhiteEloChange "4"]
[BlackElo "2330"]
[BlackTitle "FM"]
[BlackCountry "POL"]
[BlackFideId "1167677"]
[BlackEloChange "-4"]

1. d4 {[%clk 1:30:57]} e6 {[%clk 1:30:51]} 2. c4 {[%clk 1:31:14]} Nf6 {[%clk
1:31:14]} 3. Nc3 {[%clk 1:31:35]} Bb4 {[%clk 1:31:18]} 4. e3 {[%clk 1:31:56]} O-O
{[%clk 1:31:41]} 5. Ne2 {[%clk 1:32:20]} Re8 {[%clk 1:31:59]} 6. a3 {[%clk
1:28:33]} Bf8 {[%clk 1:32:12]} 7. e4 {[%clk 1:27:56]} d6 {[%clk 1:15:08]} 8. g3
{[%clk 1:27:06]} c5 {[%clk 1:14:22]} 9. Bg2 {[%clk 1:25:03]} cxd4 {[%clk
1:14:01]} 10. Nxd4 {[%clk 1:25:02]} a6 {[%clk 1:14:00]} 11. O-O {[%clk 1:23:45]}
Qc7 {[%clk 1:14:19]} 12. Bg5 {[%clk 1:21:52]} Nbd7 {[%clk 1:12:32]} 13. Rc1
{[%clk 1:21:54]} h6 {[%clk 1:10:10]} 14. Be3 {[%clk 1:19:54]} Ne5 {[%clk
1:07:55]} 15. b3 {[%clk 1:17:55]} Bd7 {[%clk 1:07:48]} 16. h3 {[%clk 1:17:59]}
Qa5 {[%clk 1:04:56]} 17. f4 {[%clk 1:16:54]} Nc6 {[%clk 1:05:08]} 18. a4 {[%clk
1:16:38]} Rab8 {[%clk 1:02:53]} 19. g4 {[%clk 1:13:42]} Nxd4 {[%clk 0:56:57]} 20.
Qxd4 {[%clk 1:10:39]} e5 {[%clk 0:53:58]} 21. Qb6 {[%clk 1:06:37]} Qxb6 {[%clk
0:54:14]} 22. Bxb6 {[%clk 1:07:05]} exf4 {[%clk 0:52:33]} 23. Rxf4 {[%clk
1:07:13]} Be6 {[%clk 0:47:12]} 24. Rd1 {[%clk 0:55:14]} Rec8 {[%clk 0:44:02]} 25.
Ba7 {[%clk 0:43:53]} Ra8 {[%clk 0:44:25]} 26. Be3 {[%clk 0:42:47]} Nd7 {[%clk
0:43:41]} 27. Rf2 {[%clk 0:41:29]} Ne5 {[%clk 0:33:10]} 28. Rfd2 {[%clk 0:39:54]}
Rc6 {[%clk 0:31:37]} 29. Nd5 {[%clk 0:39:25]} Re8 {[%clk 0:27:49]} 30. Nf4 {[%clk
0:28:55]} Bc8 {[%clk 0:21:59]} 31. Nd3 {[%clk 0:28:43]} Be6 {[%clk 0:18:05]} 32.
Nf4 {[%clk 0:20:42]} Bc8 {[%clk 0:17:44]} 33. Nd3 {[%clk 0:16:31]} Be6 {[%clk
0:17:59]} 34. Nf4 {[%clk 0:15:06]} 1/2-1/2